Word Ladders: Star Wars Quiz Stats

 Plays Quiz Updated Sep 5, 2018

Challenge
Share
Tweet
Embed
Score 0/42 Timer 05:00
11 Plays Today
% Correct
LUKE
91.5%
JEDI
89.4%
LEIA
87.8%
KLAN
86.4%
SITH
84.6%
SIDE
83.6%
BEEN
83.2%
OVEN
82.2%
LENT
81.6%
SEEN
80.2%
SITE
80.1%
KWAN
77.5%
LENS
76.8%
EWAN
76.6%
BETA
75.7%
LEIS
75.6%
SVEN
75.1%
FETA
75%
ALAN
74.4%
DARTS
74.1%
BETS
73.7%
% Correct
WARTS
69.8%
LUNE
69%
ALES
65.4%
BERN
65.2%
ALAS
63.9%
BOTS
63.7%
LUNT
61.2%
ALEC
60.4%
BOB'S
58.7%
FETT
57%
BOBA
56%
OWEN
54%
DARTH
53.4%
VADER
50.6%
WARES
50.3%
WADER
38.9%
WADES
37.7%
CEDE
37.2%
CIDE
36.1%
CEDI
35.7%
BERU
32.6%

Today's Daily Dose

You're not logged in!

Compare scores with friends on all Sporcle quizzes.
Join for Free
OR
Log In

You Might Also Like...

Show Comments

Extras

Top Quizzes Today


Score Distribution

Your Account Isn't Verified!

In order to create a playlist on Sporcle, you need to verify the email address you used during registration. Go to your Sporcle Settings to finish the process.

Report this User

Report this user for behavior that violates our Community Guidelines.

Details: